Name a Valid Song from the Artist - Statistics

General Stats
  • This quiz has been taken 167 times
  • The average score is 29 of 55
Answer Stats
Artist Answer % Correct
Michael Jackson Billie Jean | Beat It | Smooth Criminal | Rock with You | Chicago
97%
Queen Bohemian Rhapsody | Don‘t Stop Me Now | Another One Bites The Dust | Under Pressure | We Will Rock You
86%
Prince Purple Rain | Kiss | When Doves Cry | Raspberry Beret | Let‘s Go Crazy
84%
Nirvana Smells Like Teen Spirit | Come As You Are | Heart-Shaped Box | Lithium | Something In The Way
80%
Billie Eilish BIRDS OF A FEATHER | bad guy | ocean eyes | when the party‘s over | WILDFLOWER
77%
Elvis Presley Can‘t Help Falling in Love | Suspicious Mind | Burning Love | Jailhouse Rock | Hound Dog
76%
Radiohead Creep | No Surprises | Karma Police | Exit Music (For A Film) | Fake Plastic Trees
74%
Taylor Swift Shake It Off | Cruel Summer | cardigan | Lover | august
74%
Amy Winehouse Back To Black | Rehab | You Know I‘m No Good | Tears Dry On Their Own | Valerie
72%
Kendrick Lamar HUMBLE. | All The Stars | Money Trees | Not Like Us | Alright
72%
Outkast Hey Ya! | Ms. Jackson | So Fresh, So Clean | Roses | ATLiens
71%
David Bowie Under Pressure | Starman | Heroes | Space Oddity | Let‘s Dance
71%
Whitney Houston I Wanna Dance with Somebody | Higher Love | I Will Always Love You | I Have Nothing | How Will I Know
70%
Madonna Popular | Hung Up | Like a Prayer | La Isla Bonita | Material Girl
69%
Fleetwood Mac Dreams | The Chain | Everywhere | Go Your Own Way | Landslide
68%
Eminem Without Me | Lose Yourself | The Real Slim Shady | Mockingbird | Till I Collapse
68%
Beyoncé Crazy In Love | Halo | TEXAS HOLD ‘EM | Diva | Irreplaceable
66%
The Beatles Hero Comes The Sun | Let It Be | Come Together | In My Life | Blackbird
66%
Bruce Springsteen Dancer In the Dark | I‘m On Fire | Born in the U.S.A. | Streets of Philadelphia | Born to Run
65%
Metallica Enter Sandman | Nothing Else Matters | Masters Of Puppets | One | The Unforgiven
64%
Daft Punk Get Lucky | One More Time | Instant Crush | Around the World | Harder, Better, Faster, Stronger
62%
Led Zeppelin Stairway to Heaven | Immigrant Song | Whole Lotta Love | Black Dog | Ramble On
60%
The Rolling Stones Paint It, Black | Start Me Up | (I Can‘t Get No) Satisfaction | Gimme Shelter | Beast Of Burden
57%
Lana Del Rey Summertime Sadness | Young And Beautiful | Video Games | West Coast | Say Yes To Heaven
56%
Aretha Franklin Respect | I Say a Little Prayer | (You Make Me Feel Like) A Natural Woman | Think | I Knew You Were Waiting (For Me)
55%
Pink Floyd Another Brick in the Wall, Pt. 2 | Wish You Were Here | Comfortably Numb | Money | Breathe (In the Air)
53%
Johnny Cash Hurt | Ring of Fire | Highwayman | I Walk The Line | Folsom Prison Blues
53%
Arctic Monkeys I Wanna Be Yours | 505 | Do I Wanna Know? | Why‘d You Only Call Me When You‘re High? | R U Mine?
53%
Bob Dylan Knockin‘ On Heaven‘s Door | Like a Rolling Stone | Blowin‘ in the Wind | The Times They Are A-Changin‘ | Don‘t Think Twice, It‘s All Right
53%
The Clash Should I Stay or Should I Go | Rock the Casbah | London Calling | I Fought the Law | Train in Vain
52%
Joni Mitchell Big Yellow Taxi | A Case of You | California | River | Both Sides Now
51%
Black Sabbath Paranoid | Iron Man | War Pigs | N.I.B. | Heaven and Hell
51%
2Pac California Love | Hit ‘Em Up | All Eyez On Me | Ambitionz Az A Ridah | Do For Love
48%
Stevie Wonder Signed, Sealed, Delivered | Superstition | I Just Called To Say I Love You | For Once In My Live | Sir Duke
48%
Bob Marley Could You Be Loved | Three Little Birds | Is This Love | Jamming | Buffalo Soldier
47%
Cher Believe | If I Could Turn Back Time | The Shoop Shoop Song | Strong Enough | After All
46%
JAY-Z Empire State Of Mind | Ni**as In Paris | Numb/Encore | Run This Town | No Church In The Wild
46%
Jimi Hendrix All Along the Watchtower | Purple Haze | Hey Joe | Little Wing | Voodoo Child
45%
Kanye West Flashing Lights | Heartless | Bound 2 | Runaway | I Wonder
45%
The Notorious B.I.G. Hypnotize | Big Poppa | Juicy | Mo Money Mo Problems | Notorious Thugs
45%
The Cure Boys Don‘t Cry | Friday I‘m In Love | Just Like Heaven | Close To Me | Lovesong
41%
Dr. Dre Still D.R.E. | The Next Episode | Forgot About Dre | What‘s The Difference | Nuthin‘ But A „G“ Thang
41%
The Who Baba O‘Reily | Behind Blue Eyes | Pinball Wizard | Who Are You | My Generation
38%
Depeche Mode Enjoy the Silence | Just Can‘t Get Enough | Personal Jesus | Policy of Truth | Precious
34%
Frank Ocean Pink + White | Thinkin Bout You | Lost | Ivy | White Ferrari
34%
Talking Heads Psycho Killer | This Must Be the Place | Once in a Lifetime | Burning Down the House | Road to Nowhere
32%
The Smiths There Is a Light That Never Goes Out | This Charming Man | Heaven Knows I‘m Miserable Now | Please, Please, Please, Let Me Get What I Want | How Soon Is Now?
26%
Wu-Tang Clan C.R.E.A.M. | Protect Ya Neck | Wu-Tang Clan Ain‘t Nuthing ta F‘ Wit | Triumph | Gravel Pit
24%
Nina Simone Feeling Good | My Baby Just Cares for Me | I Put A Spell On You | I Wish I Knew How It Would Feel to Be Free | Sinnerman
20%
Lauryn Hill Killing Me Softly With His Song | Doo Wop (That Thing) | Ready or Not | Ex-Factor | Fu-Gee-La
20%
Nas N.Y. State of Mind | If I Ruled the World (Imagine That) | The World Is Yours | The Message | It Ain‘t Hard to Tell
18%
The Velvet Underground Pale Blue Eyes | Sunday Morning | Female Fatale | Oh! Sweet Nuthin‘ | Sweet Jane
18%
Björk Army Of Me | Venus As A Boy | It‘s Oh So Quiet | Human Behaviour | Hyper-ballad
15%
Patti Smith Because the Night | Dancing Barefoot | Redondo Beach | Gloria: In Excelsis Deo | People Have the Power
14%
Miles Davis Blue in Green | So What | Générique | It Never Entered My Mind | Freddie Freeloader
9%
No matching quizzes found
Score Distribution
Percent of People with Each Score
Percentile by Number Answered
Your Score History
You have not taken this quiz